000 00304nam a22001337a 4500
008 170613b xxu||||| |||| 00| 0 eng d
020 _a9780007229697
041 _aeng
080 _a32
100 _a19
101 _aSHP
245 _aWHATS LEFT HOW LIBERALS THEIR WAY
_cCOHEN,N
942 _2udc
_cBK
999 _c17074
_d17074